000
00329nam a2200133Ia 4500
008
240624s9999 xx 000 0 und d
041
_a
eng
082
_a
657.3 TOO
100
_a
TOOR N S
245
_a
ANALYSIS OF BALANCE SHEET
260
_c
2014
_a
New Delhi
_b
Skylark Publication
300
_a
355 : p. : cm. ; 22
365
_c
RS
999
_c
27828
_d
27828